[Event "RLP Seniors op 17th"]
[Site "Neustadt an der Weinstrasse"]
[Date "2019.07.27"]
[Round "8"]
[White "Kargoll, Peter"]
[Black "Loos, Udo"]
[Result "1-0"]
[WhiteElo "2147"]
[BlackElo "2017"]
[PlyCount "71"]
[EventDate "2019.07.20"]
[EventType "swiss"]
[EventRounds "9"]
[EventCountry "GER"]
[SourceTitle "CBM 192 Extra"]
[Source "Chessbase"]
[SourceDate "2019.11.06"]
[SourceVersion "1"]
[SourceVersionDate "2019.11.06"]
[SourceQuality "1"]

1. d4 d5 2. Nf3 Nf6 3. e3 c6 4. Be2 Bf5 5. 0-0 h6 6. Nbd2 Nbd7 7. b3 e6 8. Bb2 Bd6 9. Ne5 0-0 10. c4 Ne4 11. Nxd7 Qxd7 12. c5 Nxd2 13. Qxd2 Be7 14. b4 a6 15. a4 Ra7 16. Bc3 Rfa8 17. Qb2 Qc7 18. Rfc1 Rb8 19. b5 axb5 20. axb5 Raa8 21. b6 Qc8 22. Be1 Rxa1 23. Rxa1 Ra8 24. f3 e5 25. Ra7 Rxa7 26. bxa7 Qa8 27. Qa1 Bd8 28. Bg3 Bc7 29. Bxe5 Bxe5 30. dxe5 Kf8 31. Qa5 Ke8 32. g4 Be6 33. Kf2 Kd7 34. f4 g6 35. Kg3 Ke8 36. Bd3 1-0

[Event "Oberliga Sued W 1819"]
[Site "Germany"]
[Date "2018.11.11"]
[Round "2.6"]
[White "Robert, Josef"]
[Black "Kargoll, Peter"]
[Result "1/2-1/2"]
[WhiteElo "1938"]
[BlackElo "2164"]
[PlyCount "90"]
[EventDate "2018.10.21"]
[EventType "team-tourn"]
[EventRounds "9"]
[EventCountry "GER"]
[SourceTitle "EXT 2020"]
[Source "ChessBase"]
[SourceDate "2019.10.17"]
[SourceVersion "1"]
[SourceVersionDate "2019.10.17"]
[SourceQuality "1"]
[WhiteTeam "Winterbach Turm"]
[BlackTeam "Frankenthal"]
[WhiteTeamCountry "GER"]
[BlackTeamCountry "GER"]

1. d4 d5 2. Bf4 c5 3. e3 Nf6 4. c3 Qb6 5. Qc1 Bf5 6. Nf3 Nc6 7. Be2 e6 8. 0-0 Be7 9. Nh4 Be4 10. Nd2 h6 11. Nhf3 Bh7 12. h3 0-0 13. Ne5 Nxe5 14. Bxe5 Rac8 15. dxc5 Qxc5 16. Nb3 Qb6 17. Qd2 Nd7 18. Bg3 Bf6 19. Bd3 Bxd3 20. Qxd3 Rfd8 21. Rab1 Nc5 22. Nxc5 Rxc5 23. Qe2 Rc4 24. Rfd1 a5 25. Kh2 Rdc8 26. f3 Qc6 27. Rd2 b5 28. a3 h5 29. f4 g6 30. Bf2 Re4 31. g4 hxg4 32. hxg4 g5 33. Qf3 Kg7 34. Kg2 Rh8 35. Rh1 Rxh1 36. Kxh1 Qc4 37. Bg3 Qc5 38. fxg5 Bxg5 39. Rf2 f6 40. Bf4 Bxf4 41. exf4 Re3 42. Qg2 Qc4 43. Kh2 Qe4 44. Qxe4 Rxe4 45. Kg3 Re3+ 1/2-1/2

[Event "GER-chT Laender Seniors 50+"]
[Site "Templin"]
[Date "2018.09.16"]
[Round "7.3"]
[White "Kargoll, Peter"]
[Black "Zimmermann, Rolf"]
[Result "1/2-1/2"]
[WhiteElo "2148"]
[BlackElo "2113"]
[PlyCount "20"]
[EventDate "2018.09.10"]
[EventType "team-tourn"]
[EventRounds "7"]
[EventCountry "GER"]
[SourceTitle "EXT 2020"]
[Source "ChessBase"]
[SourceDate "2019.10.17"]
[SourceVersion "1"]
[SourceVersionDate "2019.10.17"]
[SourceQuality "1"]
[WhiteTeam "Rheinland Pfalz"]
[BlackTeam "Nordrhein Westfalen"]
[WhiteTeamCountry "GER"]
[BlackTeamCountry "GER"]

1. d4 d5 2. Nf3 Nf6 3. c4 e6 4. Nc3 c6 5. e3 Nbd7 6. Bd3 dxc4 7. Bxc4 Be7 8. 0-0 0-0 9. Qe2 b6 10. b3 Bb7 1/2-1/2

[Event "WchT Seniors 50"]
[Site "Dresden"]
[Date "2018.07.11"]
[Round "5.8"]
[White "Kargoll, Peter"]
[Black "Findlay, Ian T"]
[Result "0-1"]
[WhiteElo "2176"]
[BlackElo "2244"]
[PlyCount "98"]
[EventDate "2018.07.07"]
[EventType "team-swiss"]
[EventRounds "9"]
[EventCountry "GER"]
[SourceTitle "CBM 185 Extra"]
[Source "ChessBase"]
[SourceDate "2018.07.29"]
[SourceVersion "1"]
[SourceVersionDate "2018.07.29"]
[SourceQuality "1"]
[WhiteTeam "Rheinland Pfalz"]
[BlackTeam "Canada"]
[WhiteTeamCountry "GER"]
[BlackTeamCountry "CAN"]

1. d4 Nf6 2. Nf3 d5 3. c3 g6 4. Bf4 Bg7 5. e3 Nbd7 6. Be2 0-0 7. Ne5 c6 8. Nd2 Ne4 9. Nxd7 Bxd7 10. Nxe4 dxe4 11. Qc2 Bf5 12. g4 Be6 13. Rg1 Qd5 14. b3 b5 15. Rd1 Rad8 16. h4 h6 17. f3 exf3 18. e4 fxe2 19. exd5 exd1Q+ 20. Qxd1 Rxd5 21. b4 Ra8 22. Qc1 a5 23. bxa5 Rxa5 24. a3 c5 25. dxc5 Rxc5 26. Rg3 Kh7 27. h5 g5 28. Qb1+ Kg8 29. Bd2 Ra4 30. Rd3 Rxg4 31. Rd8+ Bf8 32. Rxf8+ Kxf8 33. Qh7 Ke8 34. Qxh6 Re5+ 35. Kf2 Rf5+ 36. Ke3 Bd5 37. Qb6 Rf3+ 38. Ke2 Rg2+ 39. Ke1 Rh3 40. Qb8+ Kd7 41. Qxb5+ Ke6 42. Qa6+ Ke5 43. Qf1 Bf3 44. Qb5+ Kf6 45. Bxg5+ Rxg5 46. Qb6+ Kg7 47. Qd4+ f6 48. h6+ Kf7 49. Qc4+ Bd5 0-1

[Event "GER-chT Seniors 26th"]
[Site "Templin"]
[Date "2017.09.27"]
[Round "3.2"]
[White "Daeubler, Heinrich"]
[Black "Kargoll, Peter"]
[Result "1/2-1/2"]
[WhiteElo "2165"]
[BlackElo "2163"]
[PlyCount "110"]
[EventDate "2017.09.25"]
[EventType "team-swiss"]
[EventRounds "7"]
[EventCountry "GER"]
[SourceTitle "EXT 2019"]
[Source "ChessBase"]
[SourceDate "2018.10.10"]
[SourceVersion "1"]
[SourceVersionDate "2018.10.10"]
[SourceQuality "1"]
[WhiteTeam "Bayern II"]
[BlackTeam "Rheinland Pfalz"]
[WhiteTeamCountry "GER"]
[BlackTeamCountry "GER"]

1. Nf3 d5 2. d4 Nf6 3. c4 c6 4. g3 dxc4 5. Bg2 b5 6. a4 Bb7 7. 0-0 e6 8. Nc3 a6 9. Ne5 Nd5 10. e4 Nxc3 11. bxc3 Be7 12. Rb1 Qc7 13. Qg4 0-0 14. Bh6 Bf6 15. Bf4 Qe7 16. Nxc4 h5 17. Qxh5 g6 18. Qc5 Qxc5 19. dxc5 Bxc3 20. Rfd1 b4 21. a5 f6 22. Nb6 Ra7 23. Na4 e5 24. Be3 Ba8 25. Nxc3 bxc3 26. Rdc1 Rb7 27. Rxb7 Bxb7 28. Rxc3 Bc8 29. Bf1 Rd8 30. Rc1 Kf7 31. Kg2 Ke7 32. h4 Nd7 33. Be2 Nf8 34. Rb1 Ne6 35. Rb6 Nd4 36. Bxa6 Bg4 37. Bxd4 Rxd4 38. Bb7 Rd3 39. Rb1 Bf3+ 40. Kg1 Ra3 41. Bxc6 Rxa5 42. Rc1 Kd8 43. Bd5 Kc7 44. Kh2 f5 45. Kh3 Rb5 46. Rc3 fxe4 47. g4 Rb8 48. Rxf3 exf3 49. Kg3 Rb5 50. Bf7 g5 51. h5 Rxc5 52. h6 Rc6 53. h7 Rh6 54. Bg6 Kd6 55. Kxf3 Kd5 1/2-1/2

[Event "Rheinland Pfalz op Seniors 15th"]
[Site "Neustadt an der Weinstrasse"]
[Date "2017.07.20"]
[Round "6"]
[White "Kargoll, Peter"]
[Black "Bellingrath, Jens"]
[Result "0-1"]
[WhiteElo "2192"]
[BlackElo "2054"]
[PlyCount "80"]
[EventDate "2017.07.15"]
[EventType "swiss"]
[EventRounds "9"]
[EventCountry "GER"]
[SourceTitle "EXT 2018"]
[Source "ChessBase"]
[SourceDate "2017.10.13"]
[SourceVersion "1"]
[SourceVersionDate "2017.10.13"]
[SourceQuality "1"]

1. d4 Nf6 2. Nf3 c5 3. c3 b6 4. Bg5 e6 5. e3 Be7 6. Nbd2 Nd5 7. Bxe7 Qxe7 8. c4 Nf6 9. Bd3 d6 10. 0-0 0-0 11. Qc2 Bb7 12. Rad1 Nbd7 13. a3 cxd4 14. exd4 d5 15. cxd5 Rfc8 16. Qb1 Bxd5 17. Ba6 Rc7 18. Rc1 Nf8 19. Rxc7 Qxc7 20. g3 Bb7 21. Rc1 Qe7 22. Bxb7 Qxb7 23. Qc2 Nd5 24. b4 Qa6 25. Qc6 Qxa3 26. Ne5 Rd8 27. b5 f6 28. Nef3 a6 29. Rb1 axb5 30. Rxb5 Qa8 31. Qc2 Rc8 32. Qb2 Qa4 33. Rb3 Qc6 34. Kg2 g5 35. h3 h5 36. g4 hxg4 37. hxg4 Ng6 38. Nf1 Ngf4+ 39. Kg1 Kg7 40. Qa2 Nc3 0-1

[Event "GER-chT Seniors 25th"]
[Site "Magdeburg"]
[Date "2016.10.09"]
[Round "1.2"]
[White "Kargoll, Peter"]
[Black "Esswein, Karlheinz"]
[Result "1/2-1/2"]
[WhiteElo "2175"]
[BlackElo "2067"]
[PlyCount "33"]
[EventDate "2016.10.09"]
[EventType "team-swiss"]
[EventRounds "7"]
[EventCountry "GER"]
[SourceTitle "EXT 2019"]
[Source "ChessBase"]
[SourceDate "2018.10.10"]
[SourceVersion "1"]
[SourceVersionDate "2018.10.10"]
[SourceQuality "1"]
[WhiteTeam "Rheinland Pfalz"]
[BlackTeam "Rheinland Pfalz II"]
[WhiteTeamCountry "GER"]
[BlackTeamCountry "GER"]

1. d4 Nf6 2. Nf3 d6 3. c4 g6 4. Nc3 Bg7 5. g3 0-0 6. Bg2 Nbd7 7. 0-0 e5 8. e3 Re8 9. Bd2 c6 10. Rc1 h6 11. dxe5 dxe5 12. b4 Nb6 13. Na4 Nxa4 14. Qxa4 Ne4 15. Rfd1 Nxd2 16. Rxd2 Qe7 17. Rcd1 1/2-1/2

[Event "Rheinland Pfalz op 5th"]
[Site "Worms"]
[Date "2013.06.01"]
[Round "6"]
[White "Hirschmann, Jakob"]
[Black "Kargoll, Peter"]
[Result "1/2-1/2"]
[WhiteElo "1910"]
[BlackElo "2185"]
[PlyCount "49"]
[EventDate "2013.05.30"]
[EventType "swiss"]
[EventRounds "7"]
[EventCountry "GER"]
[SourceTitle "EXT 2014"]
[Source "ChessBase"]
[SourceDate "2013.11.20"]
[SourceVersion "1"]
[SourceVersionDate "2013.11.20"]
[SourceQuality "1"]

1. e4 e6 2. d3 d5 3. Nd2 c5 4. Ngf3 Nf6 5. g3 Nc6 6. Bg2 Be7 7. 0-0 0-0 8. Re1 a5 9. e5 Nd7 10. Nf1 Re8 11. h4 Nf8 12. N1h2 f6 13. Bf4 Ng6 14. exf6 Bxf6 15. Bg5 e5 16. Bxf6 gxf6 17. h5 Nf8 18. Nh4 Be6 19. Ng4 Kg7 20. Ne3 Qd7 21. g4 Rad8 22. Nef5+ Kh8 23. Qd2 Nd4 24. Qh6 Qf7 25. Rac1 1/2-1/2

[Event "Rheinland Pfalz op 5th"]
[Site "Worms"]
[Date "2013.05.30"]
[Round "2"]
[White "Kargoll, Peter"]
[Black "Weller, Werner"]
[Result "1-0"]
[WhiteElo "2185"]
[BlackElo "1920"]
[PlyCount "49"]
[EventDate "2013.05.30"]
[EventType "swiss"]
[EventRounds "7"]
[EventCountry "GER"]
[SourceTitle "EXT 2014"]
[Source "ChessBase"]
[SourceDate "2013.11.20"]
[SourceVersion "1"]
[SourceVersionDate "2013.11.20"]
[SourceQuality "1"]

1. d4 d5 2. Nf3 Nf6 3. Bf4 e6 4. e3 a6 5. Be2 c5 6. 0-0 Nc6 7. Nbd2 cxd4 8. exd4 Be7 9. c3 0-0 10. Ne5 Nd7 11. Nxc6 bxc6 12. b4 f6 13. Qa4 Bb7 14. Nb3 e5 15. Be3 e4 16. Nc5 Qc8 17. f3 f5 18. fxe4 dxe4 19. Qb3+ Kh8 20. Bc4 Nb6 21. Be6 Qc7 22. Bf4 Bd6 23. Bxd6 Qxd6 24. Nxb7 Qe7 25. Nc5 1-0

[Event "Merano Gold Cup 41st"]
[Site "Merano"]
[Date "2013.04.??"]
[Round "5"]
[White "Bauer, Dieter"]
[Black "Kargoll, Peter"]
[Result "0-1"]
[WhiteElo "1778"]
[BlackElo "2210"]
[PlyCount "42"]
[EventDate "2013.04.19"]
[EventType "swiss"]
[EventRounds "9"]
[EventCountry "ITA"]
[SourceTitle "EXT 2015"]
[Source "ChessBase"]
[SourceDate "2014.11.20"]
[SourceVersion "1"]
[SourceVersionDate "2014.11.20"]
[SourceQuality "1"]

1. Nf3 d5 2. c4 e6 3. b3 c5 4. a3 Nc6 5. g3 Nf6 6. Bg2 Be7 7. e3 dxc4 8. bxc4 0-0 9. 0-0 Qd3 10. Bb2 Qxc4 11. d3 Qa6 12. Ne1 Bd7 13. Nc3 Na5 14. f4 c4 15. g4 Qb6 16. Qe2 cxd3 17. Nxd3 Nc4 18. Bc1 Bc6 19. g5 Bxg2 20. Kxg2 Nd5 21. Rb1 Nxc3 0-1

[Event "Merano Gold Cup 41st"]
[Site "Merano"]
[Date "2013.04.??"]
[Round "1"]
[White "Fleischer, Birgit"]
[Black "Kargoll, Peter"]
[Result "0-1"]
[WhiteElo "1900"]
[BlackElo "2210"]
[PlyCount "48"]
[EventDate "2013.04.19"]
[EventType "swiss"]
[EventRounds "9"]
[EventCountry "ITA"]
[SourceTitle "EXT 2015"]
[Source "ChessBase"]
[SourceDate "2014.11.20"]
[SourceVersion "1"]
[SourceVersionDate "2014.11.20"]
[SourceQuality "1"]

1. e4 e6 2. d4 d5 3. exd5 exd5 4. Bd3 c5 5. c3 Bd6 6. Nf3 Bg4 7. h3 Bh5 8. Be3 c4 9. Bc2 Nc6 10. 0-0 Nge7 11. Nbd2 h6 12. b3 b5 13. a4 cxb3 14. Bxb3 a6 15. axb5 axb5 16. Qe2 Ra5 17. Rxa5 Qxa5 18. Bxd5 Nxd5 19. Bf4+ Be7 20. Qe4 Qd8 21. Ne5 Nxe5 22. Qxe5 Nxf4 23. Qxb5+ Kf8 24. g3 Be2 0-1

[Event "Merano Gold Cup 41st"]
[Site "Merano"]
[Date "2013.04.??"]
[Round "9"]
[White "Fleischer, Frank"]
[Black "Kargoll, Peter"]
[Result "1/2-1/2"]
[WhiteElo "2212"]
[BlackElo "2210"]
[PlyCount "32"]
[EventDate "2013.04.19"]
[EventType "swiss"]
[EventRounds "9"]
[EventCountry "ITA"]
[SourceTitle "EXT 2015"]
[Source "ChessBase"]
[SourceDate "2014.11.20"]
[SourceVersion "1"]
[SourceVersionDate "2014.11.20"]
[SourceQuality "1"]

1. e4 e6 2. d4 d5 3. exd5 exd5 4. Bd3 Nc6 5. c3 Bd6 6. Nf3 Nge7 7. Qc2 Bg4 8. Be3 Qd7 9. Nbd2 h6 10. 0-0-0 0-0-0 11. Rde1 Bf5 12. h3 Rde8 13. Re2 Bxd3 14. Qxd3 Qf5 15. Kc2 Qxd3+ 16. Kxd3 Nf5 1/2-1/2

[Event "Oberliga Sued W 1213"]
[Site "Germany"]
[Date "2012.10.21"]
[Round "1.5"]
[White "Tabatt, Hendrik"]
[Black "Kargoll, Peter"]
[Result "1/2-1/2"]
[WhiteElo "2271"]
[BlackElo "2171"]
[PlyCount "55"]
[EventDate "2012.10.21"]
[EventType "team-tourn"]
[EventRounds "9"]
[EventCountry "GER"]
[SourceTitle "EXT 2019"]
[Source "ChessBase"]
[SourceDate "2018.10.10"]
[SourceVersion "1"]
[SourceVersionDate "2018.10.10"]
[SourceQuality "1"]
[WhiteTeam "Schwarzenbach Caissa"]
[BlackTeam "Frankenthal"]
[WhiteTeamCountry "GER"]
[BlackTeamCountry "GER"]

1. Nf3 d5 2. c4 e6 3. g3 Nf6 4. Bg2 Be7 5. 0-0 0-0 6. d4 c5 7. cxd5 exd5 8. Nc3 b6 9. Bg5 Be6 10. dxc5 bxc5 11. Ne5 h6 12. Bxf6 Bxf6 13. Nd3 Bxc3 14. bxc3 Na6 15. Nf4 Rb8 16. Nxd5 Rb2 17. Qc1 Rxe2 18. Nf4 Rd2 19. Nxe6 fxe6 20. Qe1 Nc7 21. Be4 Qd6 22. Qe3 Ne8 23. Rae1 Rxa2 24. Rd1 Qe7 25. Bd5 Ra6 26. Bc4 Rb6 27. Rde1 Nc7 28. f4 1/2-1/2

[Event "Oberliga Sued W 1112"]
[Site "Germany"]
[Date "2011.11.13"]
[Round "3"]
[White "Kargoll, Peter"]
[Black "Kuhn, Patrick"]
[Result "1-0"]
[WhiteElo "2201"]
[BlackElo "2094"]
[PlyCount "83"]
[EventDate "2011.09.25"]
[EventType "team-tourn"]
[EventRounds "9"]
[EventCountry "GER"]
[SourceTitle "EXT 2013"]
[Source "ChessBase"]
[SourceDate "2012.11.22"]
[SourceVersion "1"]
[SourceVersionDate "2012.11.22"]
[SourceQuality "1"]
[WhiteTeam "Frankenthal"]
[BlackTeam "Illingen"]
[WhiteTeamCountry "GER"]
[BlackTeamCountry "GER"]

1. d4 Nf6 2. Nf3 g6 3. Bg5 Bg7 4. Nbd2 d5 5. e3 0-0 6. Be2 c6 7. c4 a6 8. 0-0 b5 9. cxd5 cxd5 10. Rc1 Nbd7 11. Bf4 Ne4 12. Bc7 Qe8 13. Nb3 f5 14. Na5 Nd6 15. b3 Rf6 16. a4 Nf8 17. Ne5 Bd7 18. Bf3 Ne4 19. Nxd7 Qxd7 20. Be5 Rf7 21. Rc7 Qe8 22. Bxg7 Kxg7 23. Qc2 Ne6 24. Rc6 Rf6 25. Rc1 Qd8 26. b4 Qd7 27. axb5 axb5 28. h3 Ra7 29. Qd3 Nd8 30. Rxf6 Kxf6 31. Bxe4 fxe4 32. Qc3 Ne6 33. Nb3 Ra4 34. Nc5 Nxc5 35. dxc5+ e5 36. c6 Qc7 37. Qc5 Ke6 38. Qxb5 Ra2 39. Rd1 Qd6 40. c7 Qxc7 41. Qxd5+ Kf6 42. Qxa2 1-0

[Event "Oberliga Sued W 1011"]
[Site "Germany"]
[Date "2011.04.10"]
[Round "9.3"]
[White "Bernhardt, Rolf"]
[Black "Kargoll, Peter"]
[Result "1-0"]
[WhiteElo "2233"]
[BlackElo "2170"]
[PlyCount "63"]
[EventDate "2010.10.10"]
[EventType "team-tourn"]
[EventRounds "9"]
[EventCountry "GER"]
[SourceTitle "EXT 2012"]
[Source "ChessBase"]
[SourceDate "2011.11.24"]
[SourceVersion "1"]
[SourceVersionDate "2011.11.24"]
[SourceQuality "1"]
[WhiteTeam "Landau"]
[BlackTeam "Frankenthal"]
[WhiteTeamCountry "GER"]
[BlackTeamCountry "GER"]

1. e4 e6 2. d4 d5 3. e5 c5 4. c3 Qb6 5. Nf3 Bd7 6. a3 c4 7. Nbd2 Nc6 8. b3 cxb3 9. Nxb3 Na5 10. Nxa5 Qxa5 11. Bd2 Qc7 12. Bd3 b5 13. 0-0 Ne7 14. Qb1 Rb8 15. Ng5 g6 16. f4 h6 17. Nf3 Bg7 18. g4 0-0 19. Nh4 Rb6 20. Ra2 Re8 21. Kh1 Nc8 22. Qc1 Qd8 23. Qe1 Bf8 24. f5 g5 25. f6 Nd6 26. exd6 e5 27. Ng6 exd4 28. Ne7+ Bxe7 29. fxe7 Qb8 30. Qf2 f5 31. Bxf5 Rxd6 32. Bxd7 1-0

[Event "Oberliga Sued W 1011"]
[Site "Germany"]
[Date "2011.03.20"]
[Round "8.2"]
[White "Dauenheimer, Torsten"]
[Black "Kargoll, Peter"]
[Result "1-0"]
[WhiteElo "2186"]
[BlackElo "2170"]
[PlyCount "75"]
[EventDate "2010.10.10"]
[EventType "team-tourn"]
[EventRounds "9"]
[EventCountry "GER"]
[SourceTitle "EXT 2012"]
[Source "ChessBase"]
[SourceDate "2011.11.24"]
[SourceVersion "1"]
[SourceVersionDate "2011.11.24"]
[SourceQuality "1"]
[WhiteTeam "Worms"]
[BlackTeam "Frankenthal"]
[WhiteTeamCountry "GER"]
[BlackTeamCountry "GER"]

1. c4 e6 2. Nf3 d5 3. g3 c5 4. Bg2 Nf6 5. 0-0 Be7 6. d4 0-0 7. cxd5 Nxd5 8. e4 Nf6 9. Nc3 cxd4 10. Nxd4 Nc6 11. Nxc6 bxc6 12. Bf4 Ba6 13. Re1 Qb6 14. Qc2 Rfd8 15. Red1 Rac8 16. Be3 Qb7 17. Na4 Ng4 18. Bc5 Bb5 19. Bxe7 Rxd1+ 20. Qxd1 Qxe7 21. Qxg4 Bxa4 22. e5 Bb5 23. Rc1 c5 24. b3 h6 25. h4 Rd8 26. Qf4 Kf8 27. Qe4 Rc8 28. Qh7 Ke8 29. Qxg7 Qf8 30. Qf6 Kd7 31. Rc3 Kc7 32. Qf3 Rb8 33. Qe4 Kb6 34. a4 Be8 35. b4 Rc8 36. bxc5+ Rxc5 37. Qd4 a5 38. Qd8+ 1-0

[Event "Oberliga Sued W 1011"]
[Site "Germany"]
[Date "2011.01.16"]
[Round "5.3"]
[White "Kargoll, Peter"]
[Black "Scheiblauer, Heinrich"]
[Result "1-0"]
[WhiteElo "2170"]
[BlackElo "2165"]
[PlyCount "45"]
[EventDate "2010.10.10"]
[EventType "team-tourn"]
[EventRounds "9"]
[EventCountry "GER"]
[SourceTitle "EXT 2012"]
[Source "ChessBase"]
[SourceDate "2011.11.24"]
[SourceVersion "1"]
[SourceVersionDate "2011.11.24"]
[SourceQuality "1"]
[WhiteTeam "Frankenthal"]
[BlackTeam "Mutterstadt"]
[WhiteTeamCountry "GER"]
[BlackTeamCountry "GER"]

1. d4 d5 2. Nf3 e6 3. c4 dxc4 4. e3 Nf6 5. Bxc4 c5 6. 0-0 Nc6 7. dxc5 Qc7 8. a3 Bxc5 9. b4 Bd6 10. Nbd2 a6 11. Bb2 b5 12. Bd3 Bb7 13. Rc1 Rd8 14. Qe2 Qe7 15. Ne4 0-0 16. Nxf6+ gxf6 17. Rxc6 Bxc6 18. Nd4 Bxh2+ 19. Kxh2 Qd6+ 20. f4 f5 21. Nxc6 Qxc6 22. Bf6 Rd5 23. Qh5 1-0

[Event "Oberliga Sued W 1011"]
[Site "Germany"]
[Date "2010.10.10"]
[Round "1.4"]
[White "Forthoffer, Patrick"]
[Black "Kargoll, Peter"]
[Result "1/2-1/2"]
[WhiteElo "2177"]
[BlackElo "2170"]
[PlyCount "101"]
[EventDate "2010.10.10"]
[EventType "team-tourn"]
[EventRounds "9"]
[EventCountry "GER"]
[SourceTitle "EXT 2012"]
[Source "ChessBase"]
[SourceDate "2011.11.24"]
[SourceVersion "1"]
[SourceVersionDate "2011.11.24"]
[SourceQuality "1"]
[WhiteTeam "Saarbruecken Gambit"]
[BlackTeam "Frankenthal"]
[WhiteTeamCountry "GER"]
[BlackTeamCountry "GER"]

1. Nf3 d5 2. d4 Nf6 3. c4 e6 4. g3 Be7 5. Bg2 0-0 6. 0-0 b6 7. Nc3 Bb7 8. Ne5 Qc8 9. cxd5 exd5 10. Bg5 Qe6 11. Nd3 c6 12. Re1 Qg4 13. Bf4 Rd8 14. h3 Qc8 15. Rc1 c5 16. b3 Na6 17. Be5 Qe6 18. Nf4 Qd7 19. dxc5 Nxc5 20. Bxf6 Bxf6 21. Nfxd5 Bg5 22. f4 Be7 23. b4 Ne6 24. e3 Bf8 25. Qb3 Rab8 26. Red1 Qe8 27. a3 h6 28. Kh2 Rdc8 29. e4 Nc7 30. Nxc7 Rxc7 31. Nd5 Rxc1 32. Rxc1 Rc8 33. Rxc8 Qxc8 34. Qc3 Qxc3 35. Nxc3 Be7 36. e5 Ba6 37. Nd5 Bd8 38. Kg1 Bc4 39. Ne3 Bb3 40. Bd5 Ba4 41. Nc4 Kf8 42. Kg2 Be7 43. Nd6 Bxd6 44. exd6 Ke8 45. f5 Kd7 46. Bxf7 Kxd6 47. g4 Ke5 48. Kg3 Bc6 49. h4 Bb7 50. Bg6 Be4 51. Be8 1/2-1/2

[Event "Oberliga Sued W 0910"]
[Site "Germany"]
[Date "2009.11.15"]
[Round "2.1"]
[White "Kargoll, Peter"]
[Black "Lang, Torsten"]
[Result "1/2-1/2"]
[WhiteElo "2192"]
[BlackElo "2355"]
[PlyCount "139"]
[EventDate "2009.10.18"]
[EventType "team-tourn"]
[EventRounds "9"]
[EventCountry "GER"]
[SourceTitle "EXT 2011"]
[Source "ChessBase"]
[SourceDate "2010.11.26"]
[SourceVersion "1"]
[SourceVersionDate "2010.11.26"]
[SourceQuality "1"]
[WhiteTeam "Frankenthal"]
[BlackTeam "Landau"]
[WhiteTeamCountry "GER"]
[BlackTeamCountry "GER"]

1. d4 Nf6 2. Nf3 b6 3. g3 Bb7 4. Bg2 c5 5. e3 e6 6. 0-0 Be7 7. c4 Qc7 8. b3 0-0 9. Bb2 d5 10. Nbd2 Rd8 11. Rc1 Nbd7 12. Qc2 Rac8 13. Rfd1 dxc4 14. Qxc4 Qb8 15. Qe2 Qa8 16. Bh3 h6 17. dxc5 bxc5 18. Ne1 Nb6 19. Nc4 Nxc4 20. Qxc4 Bd5 21. Qe2 a5 22. f3 a4 23. e4 Bb7 24. Qc2 Qa7 25. Kh1 axb3 26. axb3 Qb6 27. Bf1 Nh7 28. Bc4 Bf6 29. Bxf6 Nxf6 30. Rxd8+ Rxd8 31. Qe2 g5 32. g4 Qa5 33. Rd1 Rxd1 34. Qxd1 Qc7 35. Nd3 Nd7 36. Kg1 Qd6 37. Qe2 Ne5 38. Nxe5 Qxe5 39. Qd2 Kg7 40. Kg2 Qd4 41. Qxd4+ cxd4 42. Kf2 Kf6 43. Ke2 Ke5 44. Kd3 f5 45. gxf5 exf5 46. exf5 Bxf3 47. Be6 g4 48. Bd7 h5 49. b4 h4 50. f6 Kxf6 51. Kxd4 h3 52. Bxg4 Bxg4 53. Ke3 Ke5 54. b5 Bc8 55. Kf3 Kd5 56. b6 Kc6 57. b7 Kxb7 58. Kg3 Kc6 59. Kf3 Kd5 60. Ke3 Ke5 61. Kf3 Kd4 62. Kf2 Ke4 63. Ke2 Bb7 64. Kf2 Kf4 65. Ke2 Ba6+ 66. Kf2 Bb5 67. Kg1 Ke3 68. Kh1 Kf3 69. Kg1 Bc6 70. Kf1 1/2-1/2